000 00441nam a2200157Ia 4500
008 210719s2004 xx 000 0 und d
041 _aeng
082 _a370.92 ACHR
100 _aACHARYA (U L)
245 _aRemembering a bygone era.
260 _aUdupi
_bRashtrakavi Govind Pai Samshodhana Kendra
_c2004
300 _axii,249
_bHB
365 _b200
_cRs
650 _aAutobiography
906 _aAcharya U L St Aloysius College reference
999 _c213885
_d213885